Works of Ralph Waldo Emerson

Main Author: Emerson, Ralph Waldo, 1803-1882
Language: English
Published: London : George Routledge & Sons, 1894
Physical Description: 634 s.
Book
Saved in:
LEADER 00569nam a22001932a 4500
001 000478859
003 CZ BrMZK
005 20210302112847.0
007 ta
008 030413s1894 xxk f |||| 0 eng d
040 |a BOA001  |b cze 
100 1 |a Emerson, Ralph Waldo,  |d 1803-1882  |7 jn20000601484  |4 aut 
245 1 0 |a Works of Ralph Waldo Emerson 
260 |a London :  |b George Routledge & Sons,  |c 1894 
300 |a 634 s. 
910 |a BOA001  |b 2-0212.446 
990 |a BK 
993 |a Y 
996 6 |b 2619750634  |c 2-0212.446  |l MZK  |r Sklad / do 24 hodin  |n 10  |w 000478859  |u 000010  |a 1  |e BOA001  |j MZK50  |s P